<?xml version="1.0" encoding="UTF-8"?>
<record
    xmlns:xsi="http://www.w3.org/2001/XMLSchema-instance"
    xsi:schemaLocation="http://www.loc.gov/MARC21/slim http://www.loc.gov/standards/marcxml/schema/MARC21slim.xsd"
    xmlns="http://www.loc.gov/MARC21/slim">

  <leader>00652cam3a220018100 4500</leader>
  <controlfield tag="001">tmp15223523</controlfield>
  <controlfield tag="003">UPRA</controlfield>
  <controlfield tag="005">20190826102733.0</controlfield>
  <datafield tag="035" ind1=" " ind2=" ">
    <subfield code="a">(Sirsi) r104948</subfield>
  </datafield>
  <datafield tag="050" ind1=" " ind2=" ">
    <subfield code="a">DS 821 HAS 1938.</subfield>
  </datafield>
  <controlfield tag="008">950718s1938    ja                  eng u</controlfield>
  <datafield tag="020" ind1=" " ind2=" ">
    <subfield code="a">08700115170</subfield>
  </datafield>
  <datafield tag="100" ind1="1" ind2=" ">
    <subfield code="a">Hasegawa, Nyozekan, 1875-1969.</subfield>
    <subfield code="d">Hasegawa, Nyozekan, 1875-1969.</subfield>
    <subfield code="6">A61944.1</subfield>
  </datafield>
  <datafield tag="245" ind1="1" ind2="4">
    <subfield code="a">The Japanese character :</subfield>
    <subfield code="b">a cultural profile /</subfield>
    <subfield code="c">Nyozekan Hasegawa ; translated by John Bester.</subfield>
  </datafield>
  <datafield tag="260" ind1=" " ind2=" ">
    <subfield code="a">Tokyo :</subfield>
    <subfield code="b">Kodansha International,</subfield>
    <subfield code="c">[1938]</subfield>
  </datafield>
  <datafield tag="500" ind1=" " ind2=" ">
    <subfield code="a">Translation of Nihonteki Seikaku.</subfield>
  </datafield>
  <datafield tag="651" ind1=" " ind2="0">
    <subfield code="a">Japan -- Civilization.</subfield>
    <subfield code="x">Japan -- Civilization.</subfield>
    <subfield code="6">S4949.1</subfield>
  </datafield>
  <datafield tag="999" ind1=" " ind2=" ">
    <subfield code="c">164789</subfield>
    <subfield code="d">164789</subfield>
  </datafield>
</record>
